000 00625nmm a2200169Ia 4500
008 251105s9999||||xx |||||||||||||||||und||
020 _a9789587160482
041 _aspa
100 _aVidal López, Roberto Carlos
245 0 _aDerecho Global y Desplazamiento Interno : Creación, usos y desaparición del desplazamiento forzado por la violencia en el Derecho Contemporáneo
264 _a[Bogotá, Colombia] :
_bEditorial Pontificia Universidad Javeriana,
_c2007
300 _a314 páginas
490 _aFronteras del derecho
650 _aLaw
856 _uhttps://public.digitaliapublishing.com/a/44295
942 _cCF
999 _c95506
_d95506